市制町村制の施行以来一度も廃置分合をおこなったことがない市町村 - Statistics

General Stats
  • This quiz has been taken 41 times
  • The average score is 153 of 297
Answer Stats
都道府県 回答 % Correct
青森県 佐井村
79%
青森県 大間町
70%
青森県 風間浦村
70%
宮城県 利府町
70%
東京都 三鷹市
70%
北海道 泊村
67%
青森県 蓬田村
67%
青森県 西目屋村
67%
青森県 野辺地町
67%
青森県 六ヶ所村
67%
宮城県 大衡村
67%
福島県 檜枝岐村
67%
東京都 多摩市
67%
神奈川県 葉山町
67%
神奈川県 二宮町
67%
富山県 舟橋村
67%
鳥取県 日吉津村
67%
北海道 赤井川村
64%
青森県 東通村
64%
岩手県 普代村
64%
岩手県 野田村
64%
宮城県 七ヶ浜町
64%
宮城県 女川町
64%
秋田県 上小阿仁村
64%
埼玉県 蕨市
64%
東京都 小金井市
64%
東京都 国分寺市
64%
東京都 国立市
64%
東京都 狛江市
64%
東京都 羽村市
64%
東京都 青ヶ島村
64%
神奈川県 寒川町
64%
新潟県 粟島浦村
64%
奈良県 | 長野県 川上村
64%
奈良県 下北山村
64%
奈良県 上北山村
64%
北海道 神恵内村
61%
北海道 音威子府村
61%
青森県 横浜町
61%
青森県 階上町
61%
岩手県 田野畑村
61%
宮城県 多賀城市
61%
宮城県 富谷市
61%
秋田県 大潟村
61%
秋田県 東成瀬村
61%
千葉県 浦安市
61%
東京都 武蔵野市
61%
東京都 檜原村
61%
東京都 利島村
61%
東京都 御蔵島村
61%
山梨県 小菅村
61%
山梨県 丹波山村
61%
長野県 南牧村
61%
長野県 王滝村
61%
静岡県 清水町
61%
奈良県 天川村
61%
岡山県 早島町
61%
徳島県 松茂町
61%
高知県 田野町
61%
北海道 室蘭市
58%
北海道 長万部町
58%
北海道 中川町
58%
北海道 増毛町
58%
北海道 羅臼町
58%
宮城県 七ヶ宿町
58%
群馬県 嬬恋村
58%
東京都 小平市
58%
東京都 東村山市
58%
東京都 清瀬市
58%
東京都 東久留米市
58%
東京都 神津島村
58%
神奈川県 綾瀬市
58%
石川県 内灘町
58%
長野県 南相木村
58%
長野県 北相木村
58%
長野県 木祖村
58%
三重県 木曽岬町
58%
三重県 朝日町
58%
三重県 川越町
58%
大阪府 田尻町
58%
兵庫県 播磨町
58%
奈良県 王寺町
58%
奈良県 河合町
58%
和歌山県 北山村
58%
岡山県 西粟倉村
58%
広島県 府中町
58%
徳島県 北島町
58%
香川県 直島町
58%
福岡県 赤村
58%
宮崎県 西米良村
58%
北海道 古平町
55%
北海道 仁木町
55%
北海道 余市町
55%
北海道 様似町
55%
北海道 えりも町
55%
北海道 奥尻町
55%
北海道 占冠村
55%
群馬県 上野村
55%
千葉県 習志野市
55%
山梨県 道志村
55%
山梨県 山中湖村
55%
長野県 南箕輪村
55%
岐阜県 白川村
55%
静岡県 長泉町
55%
愛知県 大治町
55%
大阪府 忠岡町
55%
奈良県 曽爾村
55%
奈良県 御杖村
55%
奈良県 野迫川村
55%
島根県 知夫村
55%
岡山県 新庄村
55%
高知県 北川村
55%
高知県 馬路村
55%
高知県 大川村
55%
佐賀県 大町町
55%
熊本県 小国町
55%
熊本県 五木村
55%
大分県 姫島村
55%
沖縄県 伊江村
55%
北海道 恵庭市
52%
北海道 北広島市
52%
北海道 新篠津村
52%
北海道 知内町
52%
北海道 木古内町
52%
北海道 鹿部町
52%
北海道 上ノ国町
52%
北海道 厚沢部町
52%
北海道 今金町
52%
北海道 南富良野町
52%
北海道 苫前町
52%
北海道 初山別村
52%
北海道 池田町
52%
岩手県 滝沢市
52%
山形県 金山町
52%
福島県 広野町
52%
福島県 葛尾村
52%
東京都 稲城市
52%
長野県 根羽村
52%
長野県 大桑村
52%
長野県 松川村
52%
岐阜県 東白川村
52%
京都府 向日市
52%
京都府 笠置町
52%
大阪府 島本町
52%
奈良県 三郷町
52%
和歌山県 太地町
52%
島根県 海士町
52%
広島県 坂町
52%
徳島県 佐那河内村
52%
高知県 三原村
52%
福岡県 須恵町
52%
福岡県 大任町
52%
佐賀県 上峰町
52%
熊本県 産山村
52%
宮崎県 椎葉村
52%
鹿児島県 東串良町
52%
沖縄県 渡嘉敷村
52%
沖縄県 座間味村
52%
沖縄県 渡名喜村
52%
沖縄県 南大東村
52%
沖縄県 北大東村
52%
北海道 長沼町
48%
北海道 ニセコ町
48%
北海道 豊浦町
48%
北海道 厚真町
48%
北海道 七飯町
48%
北海道 乙部町
48%
北海道 遠別町
48%
北海道 天塩町
48%
北海道 弟子屈町
48%
北海道 別海町
48%
栃木県 野木町
48%
群馬県 片品村
48%
千葉県 鎌ケ谷市
48%
千葉県 酒々井町
48%
山梨県 忍野村
48%
長野県 原村
48%
長野県 泰阜村
48%
静岡県 吉田町
48%
京都府 大山崎町
48%
大阪府 熊取町
48%
兵庫県 芦屋市
48%
奈良県 平群町
48%
奈良県 川西町
48%
奈良県 三宅町
48%
奈良県 上牧町
48%
徳島県 牟岐町
48%
福岡県 宇美町
48%
福岡県 志免町
48%
佐賀県 基山町
48%
長崎県 長与町
48%
長崎県 佐々町
48%
熊本県 湯前町
48%
熊本県 山江村
48%
宮崎県 三股町
48%
宮崎県 都農町
48%
鹿児島県 大和村
48%
鹿児島県 与論町
48%
沖縄県 大宜味村
48%
北海道 江別市
45%
北海道 三笠市
45%
北海道 千歳市
45%
北海道 南幌町
45%
北海道 栗山町
45%
北海道 沼田町
45%
北海道 当別町
45%
北海道 比布町
45%
北海道 新得町
45%
北海道 陸別町
45%
北海道 浜中町
45%
北海道 紗那村
45%
北海道 蘂取村
45%
宮城県 松島町
45%
宮城県 色麻町
45%
山形県 大蔵村
45%
福島県 磐梯町
45%
福島県 鮫川村
45%
群馬県 長野原町
45%
群馬県 高山村
45%
埼玉県 三芳町
45%
千葉県 富里市
45%
長野県 喬木村
45%
長野県 大鹿村
45%
長野県 山形村
45%
奈良県 安堵町
45%
奈良県 大淀町
45%
高知県 奈半利町
45%
福岡県 水巻町
45%
福岡県 糸田町
45%
長崎県 川棚町
45%
熊本県 南小国町
45%
宮崎県 高原町
45%
鹿児島県 枕崎市
45%
鹿児島県 西之表市
45%
鹿児島県 中種子町
45%
鹿児島県 南種子町
45%
鹿児島県 龍郷町
45%
鹿児島県 伊仙町
45%
鹿児島県 和泊町
45%
鹿児島県 知名町
45%
沖縄県 浦添市
45%
沖縄県 豊見城市
45%
沖縄県 国頭村
45%
沖縄県 今帰仁村
45%
沖縄県 粟国村
45%
北海道 登別市
42%
北海道 浦臼町
42%
北海道 雨竜町
42%
北海道 蘭越町
42%
北海道 新冠町
42%
北海道 幌加内町
42%
北海道 色丹村
42%
北海道 留夜別村
42%
北海道 留別村
42%
茨城県 五霞町
42%
群馬県 川場村
42%
長野県 上松町
42%
静岡県 函南町
42%
福岡県 春日市
42%
福岡県 大野城市
42%
福岡県 小竹町
42%
宮崎県 綾町
42%
宮崎県 門川町
42%
沖縄県 宜野湾市
42%
沖縄県 読谷村
42%
沖縄県 西原町
42%
北海道 芦別市
39%
北海道 月形町
39%
北海道 秩父別町
39%
北海道 北竜町
39%
北海道 壮瞥町
39%
北海道 平取町
39%
北海道 東川町
39%
埼玉県 鶴ヶ島市
39%
長野県 朝日村
39%
宮崎県 川南町
39%
宮崎県 諸塚村
39%
沖縄県 恩納村
39%
沖縄県 南風原町
39%
北海道 新十津川町
36%
北海道 白老町
36%
北海道 美瑛町
36%
福島県 鏡石町
36%
長野県 下諏訪町
36%
福岡県 桂川町
36%
熊本県 津奈木町
36%
北海道 苫小牧市
33%
北海道 白糠町
33%
福島県 西郷村
33%
福島県 川内村
33%
高知県 檮原町
33%
北海道 美唄市
30%
北海道 雄武町
30%
長野県 下條村
30%
北海道 当麻町
24%
No matching quizzes found
Score Distribution
Percent of People with Each Score
Percentile by Number Answered
Your Score History
You have not taken this quiz